Zdroje obmedzenia ekonomického rastu

Stabilizačná hospodárska politika vlády ovplyvňuje schopnosť ekonomiky využívať efektívne disponibilné zdroje, zvyšovať rast jej výkonnosti, konkurencieschopnosti a napomáha zvyšovať kvalitu života a istôt jej obyvateľov.

Salvato in:
Dettagli Bibliografici
Autore principale: Blašková, Mária
Natura: Capitolo di libro
Lingua:slovacco
Soggetti:
Tags: Aggiungi Tag
Nessun Tag, puoi essere il primo ad aggiungerne!!

MARC

LEADER 00000nla a2200000 4500
001 0175375
005 20240502073006.3
041 0 |a slo 
044 |a SK 
245 1 0 |a Zdroje obmedzenia ekonomického rastu  |c Mária Blašková 
520 |a Stabilizačná hospodárska politika vlády ovplyvňuje schopnosť ekonomiky využívať efektívne disponibilné zdroje, zvyšovať rast jej výkonnosti, konkurencieschopnosti a napomáha zvyšovať kvalitu života a istôt jej obyvateľov. 
610 2 0 |a politika hospodárska 
610 2 0 |a rast hospodársky 
610 2 0 |a bariéry rastu hospodárskeho 
610 2 0 |a faktory rastu hospodárskeho 
610 2 0 |a kvalita života 
100 1 |a Blašková, Mária